Central Library OPAC University of Rajshahi

Aquaculture / (Record no. 67491)

MARC details
000 -LEADER
fixed length control field 00741nam a2200253 a 4500
001 - CONTROL NUMBER
control field 67491
003 - CONTROL NUMBER IDENTIFIER
rucl marc code BD-RjUL
005 - DATE AND TIME OF LATEST TRANSACTION
control field 20211209081648.0
008 - FIXED-LENGTH DATA ELEMENTS--GENERAL INFORMATION
fixed length control field 170325s2007 ii abdf| |||| 000 0 eng d
020 ## - INTERNATIONAL STANDARD BOOK NUMBER
International Standard Book Number 9788131302514
035 ## - SYSTEM CONTROL NUMBER
System control number (BD-RjUL)67622
040 ## - CATALOGING SOURCE
Original cataloging agency BD-RjUL
Language of cataloging eng
Transcribing agency BD-RjUL
041 ## - LANGUAGE CODE
Language code of text/sound track or separate title eng
082 ## - DEWEY DECIMAL CLASSIFICATION NUMBER
Edition number 23
Classification number 639.8
Author mark and year PAA 2007
100 1# - MAIN ENTRY--PERSONAL NAME
Personal name Pandey, B N
9 (RLIN) 164092
245 10 - TITLE STATEMENT
Title Aquaculture /
Statement of responsibility, etc. B N Pandey; Sadhana D Pande; P N Pandey.
260 ## - PUBLICATION, DISTRIBUTION, ETC. (IMPRINT)
Place of publication, distribution, etc. New Delhi :
Name of publisher, distributor, etc. A. P. H. Publishinh corporation,
Date of publication, distribution, etc. 2007.
300 ## - PHYSICAL DESCRIPTION
Pagination xvi, 236 p. :
Illustrations ill.;
Size 22 cm.
504 ## - BIBLIOGRAPHY, ETC. NOTE
Bibliography, etc Includes bibliography.
650 ## - SUBJECT ADDED ENTRY--TOPICAL TERM
Topical term or geographic name as entry element Aquaculture
Geographic subdivision India.
9 (RLIN) 199986
700 ## - ADDED ENTRY--PERSONAL NAME
Personal name Pande, Sadhana D
Personal name Pandey, P N
942 ## - ADDED ENTRY ELEMENTS (KOHA)
Source of classification or shelving scheme Dewey Decimal Classification
Koha item type Books
Holdings
Lost status Source of classification or shelving scheme Damaged status Not for loan Collection code Permanent Location Current Location Shelving location Date acquired Source of acquisition Cost, normal purchase price Total Checkouts Full call number Date last seen Copy number Koha item type
  Dewey Decimal Classification   Not For Loan Non-fiction Central Library, University of Rajshahi Central Library, University of Rajshahi Reading Room 18/08/2010 Dhaka, Paragon enterprise ltd. 595.00   639.8 PAA 2007 25/03/2017 C-1 Books
  Dewey Decimal Classification     Non-fiction Central Library, University of Rajshahi Central Library, University of Rajshahi   18/08/2010 Dhaka, Paragon Enterprises ltd. 595.00   639.8 PAA 2007 06/06/2017 C-2 Books